Responses for Show #4757 - Tuesday, April 19, 2005

2005 Ultimate Tournament of Champions Round 2, game 5.

Contestants

[<< previous game]

Shane Whitlock, a resident physician from Little Rock, Arkansas

Eric Newhouse, a director of technical assistance from Sioux City, Iowa

Steve Berman, a teacher from Santa Monica, California

[next game >>]

Jeopardy! Round responses

CHICAGO
CAB ARRAY
MOO-VIN' OUT
FAN TOM
AVENUE "Q"
WE'RE TALKING BROADWAY
    $200 6
lions

Shane
    $200 15
Venice

Eric
    $200 22
Bossy

Eric
    $200 24
Thomas Jefferson

Steve
    $200 1
Quik

Steve
    $200 8
Scoundrels

Shane
    $400 7
the St. Patrick's Day parade

Steve
    $400 19
a fare

Shane
    $400 25
cowabunga

Shane
    $400 23
Tom Paine

Steve
    $400 2
the Quakers

Steve
    $400 12
(Eric: Silly show.)

Spamalot

Eric
    $1,000 9
the Valentine's Day Massacre

Shane
    $600 20
a pedicab

Eric
    $600 26
Rawhide

Shane
    $600 18
(Tom) Wolfe

Shane
    $600 3
the Queen Mary

Shane
    $600 13
(Eric: That'll be about enough of that.)
[Laughter]

Idina Menzel

Triple Stumper
    $800 10
Michigan

Shane
    $800 21
hackney

Steve
    $800 27
Montana

Eric
    $800 17
Thomas Hardy

Eric
    $800 4
Quisling

Eric
    $800 29
Steel Magnolias

Shane
    $1000 11
(Eric: What are humpbacks?)

belugas

SteveEric
    $1000 14
cabriolet

Steve
    $1000 28
horns

Steve
    $1000 16
Carlyle

Eric
    $1000 5
quahogs

Steve
    $1000 30
Schadenfreude

Steve

Scores at the first commercial break (after clue 15):

Steve Eric Shane
$4,000 $400 $2,800

Scores at the end of the Jeopardy! Round:

Steve Eric Shane
$7,400 $3,800 $5,600

Double Jeopardy! Round responses

PSYCHOLOGY
RODNEY DANGERFIELD
IT ENDED THE WAR
OCCUPATIONAL NAMES
A CAPITAL CITY IDEA
ABBR.
    $400 30
schizophrenia

Eric
    $400 29
Back to School

Eric
    $400 9
the American Revolution

Steve
    $400 24
(Christopher) Plummer

Steve
    $400 25
(Eric: What is Mexico City?)

Tokyo

EricShane
    $400 23
mademoiselle

Steve
    $800 27
positive

Steve
    $800 28
soccer

Steve
    $800 7
the Crimean War

Shane
    $800 26
Page

Shane
    $800 4
Nicosia

Triple Stumper
    $800 22
VT

Shane
    $1200 10
client

Eric
    $1200 20
(Shane: Who are Bonnie and Clyde?)

Natural Born Killers

EricShane
    $1200 5
the French and Indian War

Eric
    $6,600 21
(Alex: Ah, you get a second chance. You can take the lead. You have enough money to do it.)
(Eric: You know something? Make it True.)
...
(Eric: What.. Oh... What is Cooper?)
(Alex: Oh, no. Cooper makes barrels. What is a [*]? Rounding wood on a lathe.)

Turner

Eric
    $1200 3
Vientiane

Shane
    $1200 17
(Steve: What is Switzerland?)

Zimbabwe

SteveEric
    $1600 13
conditioning

Eric
    $1600 19
Cohen

Steve
    $1600 6
the Russo-Japanese War

Shane
    $1600 16
(Eric: What is a ventriloquist?)

a tailor

Eric
Triple Stumper
    $1600 2
Kazakhstan

Shane
    $4,000 11
(Eric: Whew. Cool. Um... Why don't you give me $4,000?)
(Alex: I will give you $4,000 if you respond correctly to this clue.)
(Eric: [Saluting] I shall endeavor, sir.)
...
(Eric: What is the NTSA?)

the NTSB

Eric
    $2000 14
(Eric: What are carriers?)

drives

Eric
Triple Stumper
    $2000 18
Sam Kinison

Eric
    $2000 8
the Franco-Prussian War

Steve
    $2000 15
Wagner

Triple Stumper
    $2000 1
Yerevan

Eric
    $2000 12
textured vegetable protein

Triple Stumper

Scores at the end of the Double Jeopardy! Round:

Steve Eric Shane
$12,600 $400 $11,600

[wagering suggestions for these scores]

Final Jeopardy! Round responses

THE CABINET
(Alex: One of the top positions in the Presidential Cabinet is Secretary of State. Who was Reagan's Secretary of State?)
EricWho is Baldridge?
$395
ShaneWho was Meese?
$4,000
SteveWho was Donald Regan
$10,601
George Shultz

Final scores:

Steve Eric Shane
$1,999 $5 $7,600
2nd place: $10,000 3rd place: $10,000 + $15,000 as a member of the Nifty Nine Winner: $20,000 + an advance to UToC Round 3

Game dynamics:

Coryat scores:

Steve Eric Shane
$12,600 $11,000 $11,200
18 R,
1 W
17 R,
6 W
(including 2 DDs)
17 R
(including 1 DD),
1 W

Combined Coryat: $34,800

[game clues] [game scores] [suggest correction]

Game tape date: 2005-03-22
The J! Archive is created by fans, for fans. Scraping, republication, monetization, and malicious use prohibited; this site may use cookies and collect identifying information. See terms. The Jeopardy! game show and all elements thereof, including but not limited to copyright and trademark thereto, are the property of Jeopardy Productions, Inc. and are protected under law. This website is not affiliated with, sponsored by, or operated by Jeopardy Productions, Inc. Join the discussion at JBoard.tv.